<?xml version="1.0" encoding="UTF-8"?><?xml-stylesheet type="text/xsl" href="static/style.xsl"?><OAI-PMH xmlns="http://www.openarchives.org/OAI/2.0/" xmlns:xsi="http://www.w3.org/2001/XMLSchema-instance" xsi:schemaLocation="http://www.openarchives.org/OAI/2.0/ http://www.openarchives.org/OAI/2.0/OAI-PMH.xsd"><responseDate>2026-04-17T21:35:56Z</responseDate><request verb="GetRecord" identifier="oai:www.recercat.cat:11351/11949" metadataPrefix="marc">https://recercat.cat/oai/request</request><GetRecord><record><header><identifier>oai:recercat.cat:11351/11949</identifier><datestamp>2025-12-19T20:47:31Z</datestamp><setSpec>com_2072_378068</setSpec><setSpec>com_2072_378040</setSpec><setSpec>col_2072_378090</setSpec></header><metadata><record xmlns="http://www.loc.gov/MARC21/slim" xmlns:dcterms="http://purl.org/dc/terms/" xmlns:xsi="http://www.w3.org/2001/XMLSchema-instance" xmlns:doc="http://www.lyncode.com/xoai" xsi:schemaLocation="http://www.loc.gov/MARC21/slim http://www.loc.gov/standards/marcxml/schema/MARC21slim.xsd">
   <leader>00925njm 22002777a 4500</leader>
   <datafield ind2=" " ind1=" " tag="042">
      <subfield code="a">dc</subfield>
   </datafield>
   <datafield ind2=" " ind1=" " tag="720">
      <subfield code="a">CLUA ESPUNY, JOSE LUIS</subfield>
      <subfield code="e">author</subfield>
   </datafield>
   <datafield ind2=" " ind1=" " tag="720">
      <subfield code="a">GENTILLE LORENTE, DELICIA INES</subfield>
      <subfield code="e">author</subfield>
   </datafield>
   <datafield ind2=" " ind1=" " tag="720">
      <subfield code="a">Hernández-Pinilla Alba</subfield>
      <subfield code="e">author</subfield>
   </datafield>
   <datafield ind2=" " ind1=" " tag="720">
      <subfield code="a">SATUÉ-GRACIA, Eva</subfield>
      <subfield code="e">author</subfield>
   </datafield>
   <datafield ind2=" " ind1=" " tag="720">
      <subfield code="a">Pallejà-Millán, Meritxell</subfield>
      <subfield code="e">author</subfield>
   </datafield>
   <datafield ind2=" " ind1=" " tag="720">
      <subfield code="a">Martín Luján, Francisco M</subfield>
      <subfield code="e">author</subfield>
   </datafield>
   <datafield ind2=" " ind1=" " tag="260">
      <subfield code="c">2024-09-20T11:14:11Z</subfield>
   </datafield>
   <datafield ind2=" " ind1=" " tag="260">
      <subfield code="c">2024-09-20T11:14:11Z</subfield>
   </datafield>
   <datafield ind2=" " ind1=" " tag="260">
      <subfield code="c">2024-09-11</subfield>
   </datafield>
   <datafield ind2=" " ind1=" " tag="520">
      <subfield code="a">Fibrilación auricular; MVP risk score; Bloqueo interauricular avanzado</subfield>
   </datafield>
   <datafield ind2=" " ind1=" " tag="520">
      <subfield code="a">Atrial fibrillation; MVP risk score; Advanced interatrial block</subfield>
   </datafield>
   <datafield ind2=" " ind1=" " tag="520">
      <subfield code="a">Fibril·lació auricular; MVP risk score; Bloqueig interauricular avançat</subfield>
   </datafield>
   <datafield ind2=" " ind1=" " tag="520">
      <subfield code="a">Objetivo: Describir la asociación entre patrones de electrocardiograma (ECG) según MVP risk score (Morphology-Voltage-P-wave duration) y un diagnóstico de fibrilación auricular (FA).&#xd;
Diseno: Estudio de cohorte prospectivo (1/01/2023-31/12/2024).&#xd;
Emplazamiento: Centros de atención primaria.&#xd;
Participantes: Muestra aleatorizada de 150 pacientes entre 65 y 85 anos; ˜ sin diagnóstico previo de FA, ni ictus, ni tratamiento anticoagulante actual; alto riesgo de una futura FA; CHA2DS2-VASc ≥ 2; y capacidad para utilizar la aplicación (App) FibricheckR.&#xd;
Mediciones: A la inclusión, se realizó un ECG basal estándar, puntuación en MVP risk score y monitorización del ritmo cardíaco basal durante 15 días utilizando la App FibricheckR. Las variables dependientes fueron la presencia de patrones de la onda P en el ECG según MVP risk score y un nuevo diagnóstico de FA.&#xd;
Resultados: El diagnóstico de FA fue confirmado en 14 casos (9,3%, IC95% 5,6-15,1), 3 hombres y 11 mujeres. En 3 casos, la arritmia fue diagnosticada en el ECG basal, y en 11 por Holter después de ser informadas como posible FA por FibricheckR App. Se detectó una prevalencia superior de bloqueo interauricular avanzado (BIA-A) atípico (p = 0,007) entre los participantes con FA, así como la prevalencia de onda P &lt; 0,1 mV (p = 0,006). Todos los nuevos diagnósticos de FA se realizaron en puntuaciones ≥4 en el MVP risk score.</subfield>
   </datafield>
   <datafield ind2=" " ind1=" " tag="520">
      <subfield code="a">El presente trabajo ha sido financiado por la beca PERIS 2022 4R22/031 (SLT021/21/000027).</subfield>
   </datafield>
   <datafield tag="653" ind2=" " ind1=" ">
      <subfield code="a">Fibril·lació auricular - Investigació</subfield>
   </datafield>
   <datafield tag="653" ind2=" " ind1=" ">
      <subfield code="a">DISEASES::Cardiovascular Diseases::Heart Diseases::Arrhythmias, Cardiac::Atrial Fibrillation</subfield>
   </datafield>
   <datafield tag="653" ind2=" " ind1=" ">
      <subfield code="a">DISEASES::Cardiovascular Diseases::Heart Diseases::Arrhythmias, Cardiac::Heart Block::Interatrial Block</subfield>
   </datafield>
   <datafield tag="653" ind2=" " ind1=" ">
      <subfield code="a">ENFERMEDADES::enfermedades cardiovasculares::enfermedades cardíacas::arritmias cardíacas::fibrilación atrial</subfield>
   </datafield>
   <datafield tag="653" ind2=" " ind1=" ">
      <subfield code="a">ENFERMEDADES::enfermedades cardiovasculares::enfermedades cardíacas::arritmias cardíacas::bloqueo cardíaco::bloqueo interauricular</subfield>
   </datafield>
   <datafield ind2="0" ind1="0" tag="245">
      <subfield code="a">MVP Risk score y nuevo diagnóstico de fibrilación auricular: estudio de cohorte prospectivo PREFATE</subfield>
   </datafield>
</record></metadata></record></GetRecord></OAI-PMH>